Pokémon but all Vowels are changed to “O” - Statistics

General Stats
  • This quiz has been taken 348 times
  • The average score is 14 of 16
Answer Stats
With “O” Without “O” % Correct
Pokocho Pikachu
100%
Mowtwo Mewtwo
97%
Jonx Jynx
94%
Jogglopoff Jigglypuff
93%
Oovoo Eevee
87%
Gongor Gengar
87%
Olokozom Alakazam
86%
Oddosh Oddish
86%
Wortortlo Wartortle
86%
Zobot Zubat
84%
Nodoron Nidoran
83%
Ortocono Articuno
79%
Poros Paras
79%
Mochoko Machoke
76%
Ovosoor Ivysaur
72%
Kokono Kakuna
71%
No matching quizzes found
Score Distribution
Percent of People with Each Score
Percentile by Number Answered
Your Score History
You have not taken this quiz